平成に消滅・改称した岡山県の市町村 - Statistics

General Stats
  • This quiz has been taken 20 times
  • The average score is 49 of 64
Answer Stats
変更年月日 変更内容 回答 変更後の市町村 % Correct
2004.11/01 新設合併 牛窓町 瀬戸内市
100%
2004.11/01 新設合併 長船町 瀬戸内市
100%
2004.10/01 新設合併 高梁市 高梁市
90%
2004.10/01 新設合併 加茂川町 吉備中央町
90%
2004.10/01 新設合併 賀陽町 吉備中央町
90%
2005.03/01 新設合併 富村 鏡野町
90%
2005.03/01 新設合併 奥津町 鏡野町
90%
2005.03/01 新設合併 鏡野町 鏡野町
90%
2007.01/22 編入合併 建部町 岡山市
90%
2004.10/01 新設合併 有漢町 高梁市
80%
2004.10/01 新設合併 成羽町 高梁市
80%
2004.10/01 新設合併 川上町 高梁市
80%
2004.10/01 新設合併 備中町 高梁市
80%
2004.11/01 新設合併 邑久町 瀬戸内市
80%
2005.02/28 編入合併 加茂町 津山市
80%
2005.02/28 編入合併 阿波村 津山市
80%
2005.02/28 編入合併 勝北町 津山市
80%
2005.02/28 編入合併 久米町 津山市
80%
2005.03/01 編入合併 芳井町 井原市
80%
2005.03/01 新設合併 上齋原村 鏡野町
80%
2005.03/22 編入合併 灘崎町 岡山市
80%
2005.03/22 新設合併 総社市 総社市
80%
2005.03/22 新設合併 山手村 総社市
80%
2005.03/22 新設合併 清音村 総社市
80%
2005.03/22 新設合併 備前市 備前市
80%
2005.03/22 新設合併 日生町 備前市
80%
2005.03/22 新設合併 旭町 美咲町
80%
2005.03/22 新設合併 柵原町 美咲町
80%
2005.03/31 新設合併 新見市 新見市
80%
2005.03/31 新設合併 八束村 真庭市
80%
2005.03/31 新設合併 中和村 真庭市
80%
2005.03/31 新設合併 東粟倉村 美作市
80%
2005.08/01 編入合併 真備町 倉敷市
80%
2006.03/01 新設合併 和気町 和気町
80%
2007.01/22 編入合併 瀬戸町 岡山市
80%
2005.03/01 編入合併 美星町 井原市
70%
2005.03/07 新設合併 熊山町 赤磐市
70%
2005.03/07 新設合併 吉井町 赤磐市
70%
2005.03/22 新設合併 吉永町 備前市
70%
2005.03/22 新設合併 中央町 美咲町
70%
2005.03/31 新設合併 大佐町 新見市
70%
2005.03/31 新設合併 神郷町 新見市
70%
2005.03/31 新設合併 哲多町 新見市
70%
2005.03/31 新設合併 哲西町 新見市
70%
2005.03/31 新設合併 北房町 真庭市
70%
2005.03/31 新設合併 勝山町 真庭市
70%
2005.03/31 新設合併 落合町 真庭市
70%
2005.03/31 新設合併 湯原町 真庭市
70%
2005.03/31 新設合併 久世町 真庭市
70%
2005.03/31 新設合併 美甘村 真庭市
70%
2005.03/31 新設合併 川上村 真庭市
70%
2005.03/31 新設合併 勝田町 美作市
70%
2005.03/31 新設合併 美作町 美作市
70%
2005.03/31 新設合併 作東町 美作市
70%
2005.03/31 新設合併 英田町 美作市
70%
2006.03/01 新設合併 佐伯町 和気町
70%
2006.03/21 新設合併 金光町 浅口市
70%
2006.03/21 新設合併 鴨方町 浅口市
70%
2006.03/21 新設合併 寄島町 浅口市
70%
2005.03/07 新設合併 山陽町 赤磐市
60%
2005.03/07 新設合併 赤坂町 赤磐市
60%
2005.03/22 編入合併 御津町 岡山市
60%
2005.03/31 新設合併 大原町 美作市
60%
2005.08/01 編入合併 船穂町 倉敷市
60%
No matching quizzes found
Score Distribution
Percent of People with Each Score
Percentile by Number Answered
Your Score History
You have not taken this quiz